书目信息 |
| 题名: |
数学解题中的物理方法
|
|
| 作者: | 吴振奎 主编 | |
| 分册: | ||
| 出版信息: | 郑州 河南科学技术出版社 1997.01 |
|
| 页数: | 189页 | |
| 开本: | 32开 | |
| 丛书名: | ||
| 单 册: | ||
| 中图分类: | G633.6 | |
| 科图分类: | ||
| 主题词: | 教育--各级 | |
| 电子资源: | ||
| ISBN: | 7-5349-1776-X | |
| 000 | 00574nam0 2200193 45 | |
| 001 | 0008020913 | |
| 005 | 20000802091040.4 | |
| 010 | @a7-5349-1776-X@d6.80元 | |
| 100 | @a20000802d1997 km y0chiy0120 ea | |
| 101 | 0 | @achi |
| 105 | @a z 000yy | |
| 200 | 1 | @a数学解题中的物理方法@AShu Xue Jie Ti Zhong De Wu Li Fang Fa@f吴振奎 主编@FWu Zhen Kui Zhu Bian |
| 210 | @a郑州@c河南科学技术出版社@d1997.01 | |
| 215 | @a189页@d32开 | |
| 606 | 0 | @a教育@x各级 |
| 690 | @aG633.6@v3 | |
| 701 | 0 | @a吴振奎@4主编 |
| 801 | @aCN@bPftUser@c20000802 | |
| 905 | @b85446-455@dG633.6@eW441/6@f10 | |
| 数学解题中的物理方法/吴振奎 主编.-郑州:河南科学技术出版社,1997.01 |
| 189页;32开 |
| ISBN 7-5349-1776-X:6.80元 |
| ● |
| 相关链接 |
|
|
|
正题名:数学解题中的物理方法
索取号:G633.6/W441/6
 
预约/预借
| 序号 | 登录号 | 条形码 | 馆藏地/架位号 | 状态 | 备注 |
| 1 | 85446 | 200854469 | 社科库409/309社科库 95排1列1层/ [索取号:G633.6/W441/6] | 在馆 | |
| 2 | 85447 | 200854478 | 社科库409/409社科库 7排3列5层/ [索取号:G633.6/W441/6] | 在馆 | |
| 3 | 85448 | 200854487 | 社科二线422/409社科库 7排3列5层/ [索取号:G633.6/W441/6] | 在馆 | |
| 4 | 85449 | 200854496 | 社科库409/409社科库 7排3列5层/ [索取号:G633.6/W441/6] | 在馆 | |
| 5 | 85450 | 200854502 | 社科库409/409社科库 7排3列5层/ [索取号:G633.6/W441/6] | 在馆 | |
| 6 | 85451 | 200854511 | 社科库409/409社科库 7排3列5层/ [索取号:G633.6/W441/6] | 在馆 | |
| 7 | 85452 | 200854520 | 社科二线422/409社科库 7排3列5层/ [索取号:G633.6/W441/6] | 在馆 | |
| 8 | 85453 | 200854539 | 社科二线422/409社科库 7排3列5层/ [索取号:G633.6/W441/6] | 在馆 | |
| 9 | 85454 | 200854548 | 社科库409/409社科库 7排3列5层/ [索取号:G633.6/W441/6] | 在馆 | |
| 10 | 85455 | 200854557 | 社科库409/409社科库 7排3列5层/ [索取号:G633.6/W441/6] | 在馆 |